|
|
|
|
| LEADER |
00000nam0a2200000 4500 |
| 001 |
32791 |
| 005 |
20231030205342.0 |
| 010 |
|
|
|a 5020034398
|
| 035 |
|
|
|a (RuTPU)RU\TPU\book\33093
|
| 035 |
|
|
|a BOOK00001182
|
| 090 |
|
|
|a 32791
|
| 100 |
|
|
|a 20011210d1989 km y0rusy50 ca
|
| 101 |
0 |
|
|a rus
|
| 102 |
|
|
|a RU
|
| 105 |
|
|
|a y z 001zy
|
| 200 |
1 |
|
|a Общество и живая природа
|a Краткий очерк истории взаимодействия
|f В. К. Рахилин
|g Институт истории естествознания и техники им. С. С. Вавилова
|
| 210 |
|
|
|a Москва
|c Наука
|d 1989
|
| 215 |
|
|
|a 215 с.
|
| 320 |
|
|
|a Библиогр.: с. 196-214.
|
| 610 |
1 |
|
|a естествознание
|
| 610 |
1 |
|
|a общество
|
| 610 |
1 |
|
|a природа
|
| 610 |
1 |
|
|a экология
|
| 610 |
1 |
|
|a живая природа
|
| 610 |
1 |
|
|a взаимодействие
|
| 610 |
1 |
|
|a история
|
| 610 |
1 |
|
|a охрана
|
| 610 |
1 |
|
|a природоохранная деятельность
|
| 675 |
|
|
|a 504.7
|v 3
|
| 700 |
|
1 |
|a Рахилин
|b В. К.
|g Валентин Константинович
|
| 712 |
0 |
2 |
|a Академия наук СССР
|b Институт истории естествознания и техники им. С. И. Вавилова (ИИЕТ АН СССР)
|c (Москва)
|2 stltpush
|3 (RuTPU)RU\TPU\col\8662
|
| 801 |
|
0 |
|a RU
|b 63413507
|c 20011210
|g PSBO
|
| 801 |
|
2 |
|a RU
|b 63413507
|c 20071016
|g PSBO
|
| 942 |
|
|
|c BK
|